[Event "Nuremberg-ch op 03rd"]
[Site "Nuremberg"]
[Date "2003.05.30"]
[Round "1"]
[White "Konya, Wilhelm"]
[Black "Kraetschmer, Thilo"]
[Result "1/2-1/2"]
[WhiteElo "1458"]
[BlackElo "1924"]
[PlyCount "68"]
[EventDate "2003.05.30"]
[EventType "swiss"]
[EventRounds "5"]
[EventCountry "GER"]
[SourceTitle "EXT 2006"]
[Source "ChessBase"]
[SourceDate "2005.11.24"]
[SourceVersion "1"]
[SourceVersionDate "2005.11.24"]
[SourceQuality "1"]

1. e4 d5 2. exd5 Qxd5 3. Nc3 Qa5 4. d3 Nf6 5. g3 c6 6. Bg2 Bg4 7. Nf3 e5 8. 0-0 Nbd7 9. Re1 Be7 10. Bd2 Qc7 11. Qe2 Bd6 12. Ne4 Nxe4 13. Qxe4 Be6 14. Bc3 f6 15. d4 Bd5 16. Qg4 0-0 17. dxe5 fxe5 18. Nxe5 Nxe5 19. Bxd5+ cxd5 20. Qe6+ Rf7 21. Bxe5 Bxe5 22. Qxe5 Qxc2 23. Re2 Qc5 24. Rd1 Rd8 25. Qd4 Qxd4 26. Rxd4 Rfd7 27. Kg2 Rd6 28. b3 Kf7 29. Rc2 R8d7 30. Kf3 Rf6+ 31. Kg4 Rg6+ 32. Kf4 Rf6+ 33. Ke5 Re6+ 34. Kf5 Rf6+ 1/2-1/2

[Event "Mittelfranken-ch QT 52nd"]
[Site "Uttenreuth"]
[Date "2003.04.18"]
[Round "6"]
[White "Konya, Wilhelm"]
[Black "Dreiseitel, Werner"]
[Result "0-1"]
[WhiteElo "1383"]
[BlackElo "1111"]
[PlyCount "56"]
[EventDate "2003.04.16"]
[EventType "swiss"]
[EventRounds "7"]
[EventCountry "GER"]
[SourceTitle "EXT 2015"]
[Source "ChessBase"]
[SourceDate "2014.11.20"]
[SourceVersion "1"]
[SourceVersionDate "2014.11.20"]
[SourceQuality "1"]

1. e4 e5 2. Nf3 Nc6 3. Bc4 d6 4. d3 Be7 5. Nc3 Nf6 6. Ng5 0-0 7. Nxf7 Rxf7 8. Bxf7+ Kxf7 9. h3 Kg8 10. g4 Be6 11. g5 Nd7 12. h4 Bf7 13. f4 exf4 14. Bxf4 Nde5 15. Rf1 Qe8 16. d4 Bh5 17. Qd2 Nf3+ 18. Rxf3 Bxf3 19. Nd5 Qh5 20. b4 Qxh4+ 21. Qf2 Qh1+ 22. Qf1 Qh4+ 23. Qf2 Qxf2+ 24. Kxf2 Bxe4 25. Nxc7 Rf8 26. Ne6 Rf7 27. c4 Nxb4 28. Rb1 Bxb1 0-1